00309nam a2200121Ia 4500008004100000082001700041100001800058245004000076250000800116260003200124300001100156650002000167150201s2009 xx 000 0 und d a617.96bU09D aDORSEH, JERRY aUNDERSTANDING ANAESTHESIA EQUIPMENT a5TH bWOLTERS KULWERaDELHIc2009 a1-1036 aANAESTHESIOLOGY